| 000 | 00355nam a2200109Ia 4500 | ||
|---|---|---|---|
| 008 | 171211s9999 xx 000 0 und d | ||
| 245 | _aIntelligent Video Event Analysis and Understanding | ||
| 245 | _cJianguo Zhang, Lei Zhang, and Ling Shao | ||
| 260 | _c2011 | ||
| 650 | _xINFORMATION TECHNOLOGIES | ||
| 856 | _uhttp://down.ebook777.com/064/3642175538.pdf | ||
| 999 |
_c349689 _d349689 |
||